000
00232nam a22000857a 4500
008
160914b xxu||||| |||| 00| 0 eng d
100
_9
452
_a
Brien. T.O
245
_a
General Knowledge Class-4
260
_a
New Delhi
_b
Frank Publications
_c
2012
999
_c
3111
_d
3111